000 00638nam a22002057a 4500
999 _c2258
_d2258
003 OSt
005 20200120140716.0
008 150912b xxu||||| |||| 00| 0 eng d
020 _a0226760324
040 _cDDC
082 _a574.5 SER 1995
100 _aEdited by Sinclair, A.R.E; Arcese, Peter
_95724
245 _aSerengeti 11:
_bdyanamic, management, and conservation of an ecosystem
260 _aChicago;
_bThe Univesity of Chicago press,
_c1995
300 _axii,665p;
_bill:
_c233cm
504 _aReferences, appendex, & index included
650 _aTourism
_95725
650 _aEcosystem conservation
_95726
942 _2z
_cO_SHELF